Doing business in Namibia.
| Format: | Book |
|---|---|
| Published: |
Windhoek:
Namibia Investment Centre,
2009.
|
| Subjects: |
| LEADER | 00512cam a2200157 7i4500 | ||
|---|---|---|---|
| 001 | 0000025625 | ||
| 005 | 20110105090000.0 | ||
| 090 | 0 | 0 | |a CD 338.7 |b DOI (NAMB) |
| 245 | 0 | 0 | |a Doing business in Namibia. |
| 260 | 0 | 0 | |a Windhoek: |b Namibia Investment Centre, |c 2009. |
| 300 | # | # | |a Electronic computer optical disc (CD- ROM). |
| 650 | 0 | 0 | |a Investments -- |z Namibia |
| 650 | 0 | 0 | |a Business -- |z Namibia |
| 650 | 0 | 0 | |a Doing business -- |z Namibia |
| 651 | 0 | 0 | |a Namibia |
| 999 | |a CDR000998H |b CD-ROM |c AV Collection |e Business Information Centre | ||